Enfermedades de las abejas /

Guardado en:
Autor Principal: Ritter, Wolfgang.
Formato: Libro
Idioma:Spanish
Publicado: Zaragoza : Acribia, 2001.
Etiquetas: Agregar Etiqueta
Sin Etiquetas, Sea el primero en etiquetar este registro!
LEADER 00500nam a22001455a 4500
001 EEA.libagro007485
005 20180514124104.0
008 130809s2001####sp#a##########000#0#spa#d
020 |a 8420008818 
082 0 4 |a 638.15 
100 1 |a Ritter, Wolfgang. 
245 1 0 |a Enfermedades de las abejas /  |c Wolfgang Ritter; traducción del alemán por Jaime Esaín Escobar. 
260 |a Zaragoza :  |b Acribia,  |c 2001. 
300 |a vii, 146 p. :  |b il., fot. col ;  |c 24 cm. 
859 |a AR-BbBCA  |b BIB. AGRONOMIA  |h 638.15  |i R613  |p 2005/4856